Normal view
MARC view
- Bennour, Khaled.
Entry Personal Name
001 - CONTROL NUMBER
- control field: 58946
003 - CONTROL NUMBER IDENTIFIER
- control field: OSt
005 - DATE AND TIME OF LATEST TRANSACTION
- control field: 20240827123403.0
008 - FIXED-LENGTH DATA ELEMENTS
- fixed length control field: 240827|| aca||aabn | a|a d
040 ## - CATALOGING SOURCE
- Original cataloging agency: OSt
- Transcribing agency: OSt
100 ## - HEADING--PERSONAL NAME
- Personal name: Bennour, Khaled.
- Relator term: author.
670 ## - SOURCE DATA FOUND
- Source citation: Work cat.: (OSt): Hammami, Samiha Mjahed. author. 58944, Knowledge-based resources in explaining service recovery performance:, Spring 2021.
